Plantillas del top 4 del Mundial 2014 - Estadísticas

Estadísticas generales
  • Esta prueba ha sido intentada 153 veces
  • La puntuación promedio es 52 de 96
Estadísticas de respuestas
Pos. Jugador Equipo % Correcto
POR Manuel Neuer Bayern Munich
99%
DEL Lionel Messi Barcelona
95%
DEL Neymar Barcelona
90%
MED Angel Di Maria Real Madrid
89%
MED Toni Kroos Bayern Munich
89%
DEF Mats Hummels Borussia Dortmund
88%
DEL Miroslav Klose Lazio
88%
DEL Sergio Aguero Manchester City
88%
MED Javier Mascherano Barcelona
87%
POR Sergio Romero Monaco
87%
DEL Arjen Robben Bayern Munich
86%
DEF Dani Alves Barcelona
86%
DEL Thomas Muller Bayern Munich
86%
DEL Gonzalo Higuain Napoli
85%
MED Sami Khedira Real Madrid
84%
DEF Thiago Silva PSG
84%
DEF David Luiz Chelsea
83%
DEF Philipp Lahm Bayern Munich
83%
DEF Marcelo Real Madrid
82%
DEL Hulk Zenit
80%
MED Mesut Ozil Arsenal
80%
MED Mario Gotze Bayern Munich
79%
DEL Robin van Persie Manchester United
79%
DEL Andre Schurrle Chelsea
77%
DEF Jerome Boateng Bayern Munich
75%
MED Leroy Fer Norwich
75%
DT Joachim Low Alemania
73%
DEL Ezequiel Lavezzi PSG
72%
DEF Pablo Zabaleta Manchester City
72%
MED Fernandinho Manchester City
71%
POR Julio Cesar Toronto
71%
MED Oscar Chelsea
71%
MED Wesley Sneijder Galatasaray
71%
MED Bastian Schweinsteiger Bayern Munich
65%
DEF Dante Bayern Munich
65%
DEL Fred Fluminense
65%
DT Louis van Gaal Paises Bajos
65%
DEF Per Mertesacker Arsenal
64%
MED Lucas Biglia Lazio
62%
MED Nigel de Jong Milan
62%
DEL Rodrigo Palacio Inter
62%
POR Jasper Cillessen Ajax
61%
DEF Martin Demichelis Manchester City
61%
DT Alejandro Sabella Argentina
60%
DEF Marcos Rojo Sporting Lisboa
57%
POR Roman Weidenfeller Borussia Dortmund
57%
DEL Lukas Podolski Arsenal
56%
POR Tim Krul Newcastle
56%
MED Fernando Gago Boca Juniors
55%
MED Ramires Chelsea
54%
MED Willian Chelsea
54%
DEF Benedikt Howedes Schalke 04
53%
MED Enzo Perez Benfica
53%
DT Felipe Scolari Brasil
53%
DEL Klaas-Jan Huntelaar Schalke 04
53%
DEL Dirk Kuyt Fenerbahce
51%
MED Augusto Fernandez Celta de Vigo
49%
DEF Maxwell PSG
48%
MED Christoph Kramer Borussia Monchengladbach
47%
DEF Daley Blind Ajax
47%
DEF Ezequiel Garay Benfica
46%
DEL Jo Atl.Mineiro
46%
MED Luiz Gustavo Wolfsburgo
46%
MED Maxi Rodriguez Newell's Old Boys
45%
DEF Federico Fernandez Napoli
44%
DEF Shkodran Mustafi Sampdoria
44%
DEF Maicon Roma
41%
POR Agustin Orion Boca Juniors
39%
MED Paulinho Tottenham
38%
DEL Memphis Depay PSV
37%
MED Julian Draxler Schalke 04
33%
POR Mariano Andujar Catania
33%
DEF Stefan de Vrij Feyenoord
33%
DEF Matthias Ginter Friburgo
29%
DEL Bernard Shakhtar Donetsk
28%
DEF Hugo Campagnaro Inter
28%
MED Ricky Alvarez Inter
27%
DEF Jose Maria Basanta Monterrey
26%
POR Ron-Robert Zieler Hannover 96
26%
MED Hernanes Inter
24%
DEF Ron Vlaar Aston Villa
22%
POR Victor Atl.Mineiro
21%
DEF Bruno Martins Indi Feyenoord
20%
POR Jefferson Botafogo
19%
POR Michel Vorm Swansea
18%
DEF Erik Durm Borussia Dortmund
17%
MED Georginio Wijnaldum PSV
17%
DEF Kevin Grobkreutz Borussia Dortmund
16%
DEF Henrique Napoli
12%
MED Jonathan de Guzman Swansea
11%
MED Jordy Clasie Feyenoord
11%
DEF Daryl Janmaat Feyenoord
9%
DEF Joel Veltman Ajax
8%
DEL Jeremain Lens Dinamo Kiev
7%
DEF Paul Verhaegh Augsburgo
7%
DEF Terence Kongolo Feyenoord
7%
No se encontraron pruebas coincidentes
Distribución de puntuación
Porcentaje de gente con cada puntuación
Porcentaje por número respondido
Historial de tus puntuaciones
No has intentado esta prueba.